000 00879nam a22003017a 4500
001 0001868
003 KOHA_MİRAKIL
005 20260207001254.0
007 ta
008 090327b2000 tu |||gr||||#||||0|tur |
020 _a9755560513
040 _aTR-BiSEU
_btur
_cTR-BiSEU
_erda
041 0 _atur
044 _ctu
050 _aQD151.5
_b.S57 2000
100 1 _aShriver, D. F. Duward F..
240 1 0 _ainorganic chemistry
_lTürkçe
245 1 _aAnorganik kimya =
_binorganic chemistry/
_cShriver ; Atkins, P. W.(Peter William); çeviren Saim Özkâr.
250 _a3. bs.
264 1 _aAnkara :
_bBilim Yayıncılık
_c2000
300 _aXVII, 639 sayfa: resimli
336 _ametin
_btxt
_2rdacontent
337 _aaracısız
_bn
_2rdamedia
338 _acilt
_bnc
_2rdacarrier
500 _aDizin var.
650 0 _aAnorganik kimya.
_92056
942 _2lcc
_cBK
999 _c1855
_d1855